Quizzes
Events
Quiz Creation
Community
Videos
Private Events
Remove Ads
Sign In
Join for FREE
Feedback
Dark Mode
Quiz Categories
Sports
Geography
Music
Movies
Television
Just For Fun
Miscellaneous
History
Literature
Language
Science
Gaming
Entertainment
Religion
Holiday
For Kids
Quiz Lab
Recent
Popular Today
Quiz Kudos Today
Editor Picks
Curator Picks
Quizzes by...
Day
Popularity
Type
Ratings
Length
Year
Community
Subscriptions
Recent Discussions
Orange Saloon
Badges
Playlists
Quests
Create
Leaderboards
Showdown
Live 5
Trivia Bingo
Activity
Puzzle Library
Sporcle Events
Private Events
Virtual Trivia
Globe League
Become a Host
Pub Owners
SporcleCon
Opinionation
Our Games
Videos
Blog
Mobile Apps
Partnerships
Remove Ads and Go Orange
Feedback
Movies
Disney
Marvel Cinematic Universe
Movie Resume
Movie Titles
Oscar
Actor
Actress
Director
Pixar
Role
Movie Quotes
Movie Characters
Box Office
Nominee
Best Picture
Star Wars
James Bond
Horror Movies
Movies
Disney
Marvel Cinematic Universe
Movie Resume
Movie Titles
Oscar
Actor
Actress
Director
Pixar
Role
Movie Quotes
Movie Characters
Box Office
Nominee
Best Picture
Star Wars
James Bond
Horror Movies
Random Quiz
Search Sporcle
×
Quiz Lab
Quiz Lab
Movies
Quote
Type in answers that appear in a list
Type in answers that appear in a list
Classic
Best Score? Go Orange.
Random Movie Quotes Stats
Can you name the movie from the quote?
By
baijianke
5m
20 Questions
3 Plays
3 Plays
3 Plays
Comments
Comments
Give Quiz Kudos
Give Quiz Kudos
-
- Ratings
hide this ad
Forced Order
Answers have to be entered in order
Answers have to be entered in order
Random Order
Randomize order of answers
Randomize order of answers
Replay
Link that replays current quiz
Next Quiz
Link to next quiz in quiz playlist
You Got
0%
They Got
Avg Score
75%
Avg Friend Score
Upgrade to see
Score Distribution
Jump to the score distribution portion of the page
Score
0/20
Timer
05:00
0
Plays Today
Quote
Movie
% Correct
Golf, the best way to spoil a good walk.
Lock, Stock and Two Smoking Barrels
100%
I don’t know. It’s a mystery.
Shakespeare in Love
100%
You talk the talk. Do you walk the walk?
Full Metal Jacket
100%
Tell me, what’s your lofty mission in life that lets you sneer at my humble profession?
Singin in the Rain
100%
He said “no piss”.
The Killing Fields
100%
He’s as dead as Julius Ceasar.
The Untouchables
66.7%
People show their true feelings when they’re drunk.
Once Were Warriors
66.7%
Stop embarrassing yourself.
Bend It Like Beckham
66.7%
Why don’t we take it to a jury, see if they’ll stand up for a rat.
The Replacement Killers
66.7%
You always had a puritanical streak.
Gandhi
66.7%
Quote
Movie
% Correct
You look like a normal person but actually you are the angel of death.
When Harry Met Sally
66.7%
This better be the best damn breakfast I ever had.
Spy Game
66.7%
Are you hitting on me, doctor?
Silence of the Lambs
66.7%
That’s one of the greatest curses inflicted on the human race: memory.
Citizen Kane
66.7%
ha ha ha . . . bravely spoken.
Ben Hur
66.7%
Tell you what, first one through that door is gonna die.
The Hurricane
66.7%
Rock n roll.
Pointbreak
66.7%
F**k it, let’s go to court!
The Insider
66.7%
Its coffee time; coffee, coffee, coffee, coffee, coffee, coffee . . . cappuccino, Java, yes!
Dantes Peak
66.7%
I’m sure you guys have dicks the size of peanuts.
Nottinghill
66.7%
Quiz Playlist
Details
Report
Send in Message
Add To Playlist
Classic:
Type in answers that appear in a list
Forced Order:
Answers have to be entered in order
Random Order:
Randomize order of answers
Last Updated: Feb 16, 2017
Quiz Scoreboard
CHALLENGE
Sign Up to Join the Scoreboard
Show All
Scores
Hide
Comments
May contain spoilers
Recently Published
An Introduction to Baseball
by treessimontrees
Sports
5m
Movies - When Are They Set?
by FPL_Elf
Movies
5m
Popular People in 1961
by mucciniale
History
6m
More to Explore
Quiz From the Vault
Featured Blog Post
Where Did the Easter Bunny Come From?
hide this ad
You Might Also Like...
Tags
Quote Quiz
Today's Top Quizzes in Movies
Browse Movies
hide this ad
Today's Top Quizzes in Quote
Browse Quote
Top Contributed Quizzes in Movies
1
Pick 5 Posters: Directed by Spielberg
2
Multi-Oscar Nominations, One Movie, One Winner
3
12 Movies about Fictional 1960s Events
4
One Thing in Common: Movies
5
Sunday Crossword: Film Score Composers
6
One Thing in Common: Movies II
7
Pick 5 Posters: Lowest-Rated Spielberg
8
Three Word 'H' Movies Match Up
9
Three Word 'T' Movies Match Up
10
7-to-1: Pixar Characters
Explore More
Trending Topics
NBA
Crossword
Marvel
Anime
Harry Potter
Disney
Kpop
Pokémon
Soccer
Song
NFL
Puzzle
Country
WWE
The Office
hide this ad
More By:
baijianke
Quiz
Plays
Rating
Category
Featured
Created
Random Movie Quotes
3
1.00
Movies
Jan 2, 2013
Go to Creator's Profile
Score Distribution
Quiz Creator Spotlight
baijianke
Follow
Send a Message
Quizzes Created
-
Created Quiz Play Count
-
More By This Creator
Popular Quizzes Today
1
Find the Countries of Europe - No Outlines Minefield
2
Find the US States - No Outlines Minefield
3
The Countries of the World
4
Popular People in 1961
5
US States
6
Find the US States
7
1-10 Letter E Words III
8
Risky Map Clicking: Biggest States A-Z
More Movies Quizzes
2010 Oscar Nominees Movie Posters
Published
Trending Quizzes
Risky Map Clicking: Least Populous States A-Z
1-10 Letter F Words
1-10 Letter G Words
One Thing in Common: United Kingdom
Risky Map Clicking: Next State Alphabetically
Recently Updated
Leaping Animals
pecheneg
Reality TV Shows (A-Z)
bhenderson79
Rickey Henderson's Hall of Fame Teammates
pecheneg
Champions League XIs: Arsenal
pecheneg
Quick Pick: Celebrities in WWE's Hall of Fame
aduchscher
A-Z Keypad Blitz II
pecheneg
Multiple Oscar Actors
pecheneg
Mystery Phrase Blitz: Oscar 'Best Actors'
pecheneg
F. Scott Fitzgerald Novels
LTH
Pick 3 Villains
ddd62291
Trending Topics
Anime
Harry Potter
NBA
Disney
Marvel
Kpop
Crossword
NFL
The Office
Puzzle
WWE
Soccer
Pokémon
Country
Song
Your Account Isn't Verified!
In order to create a playlist on Sporcle, you need to verify the email address you used during registration. Go to your
Sporcle Settings
to finish the process.
Report this User
Report this user for behavior that violates our
Community Guidelines
.
Details:
Send Report
Go to the Sporcle.com Mobile Site →
Comments